Allgemeinwissen schwer #4 - Statistiken

Allgemein
  • Dieses Quiz wurde 434 mal gespielt
  • Das Durchschnittsergebnis liegt bei 3 aus 20
Antwortstatistiken
Hint Antwort % Korrekt
Was ist das Ergebnis von 9³? 729
68%
Aus welchem Land kommt die Omikron-Variante? Südafrika
29%
Wenn ich auf der Newa an der Eremitage vorbei segle, in welcher Stadt bin ich? St. Petersburg
27%
Aus welchem Land stammt die Ethnie der Roma? Indien
26%
Was ist das Ergebnis von 3⁹? 19683
25%
Ein Land, das vollständig in der Levante liegt Zypern/Israel/Jordanien/Libanon/Syrien
17%
Was ist das Ergebnis von 9!? 362880
14%
Von welchem epischen Gedicht glaubt man, dass es das älteste in englischer Sprache sei? Beowulf
12%
Welche Indianerkonföderation besteht aus sechs Stämmen, darunter die Mohawk und die Seneca? Irokesen
12%
Wofür steht die englische Abkürzung NIMBY? Not in My Back Yard
11%
√2 mit den ersten 10 Nachkommastellen 1,4142135623
7%
In welche Verschwörung war Guy Fawkes involviert? Pulververschwörung
6%
Wer war der erste Mensch im Weltall? Juri Alexejewitsch Gagarin
5%
Welcher Günstling von Elisabeth I. versuchte Virginia zu kolonisieren und machte auch das Rauchen beliebt? Sir Walter Raleigh
5%
Wie heißt die vietnamesische Neujahrsfeier? Tet
5%
Was ist die Dichte von Beryllium (In g/cm³ auf die 2 Nachkommastellen gerundet)? 1,85
3%
Was ist der Schmelzpunkt von Beryllium (In °C)? 1287
2%
Im welchem Jahr wurde Beryllium entdeckt? 1797
2%
Was ist Lloyd's of London? Börse
1%
Was ist der Siedepunkt von Beryllium (In °C)? 2969
0%
Keine übereinstimmenden Quizze gefunden
Verteilung der Resultate
Anzahl Personen mit jedem Resultat
Perzentil nach korrekt beantworteten Fragen
Ihre Resultats-Entwicklung
Sie haben dieses Quiz noch nicht gespielt